000 00390nam a2200145 i 4500
001 64613
003 ES-MaACL
007 t|
008 031230s1914 gw ||||1| ger d
100 1 _aForchheimer, Philipp.
_951692
245 1 0 _aHydraulik /
_cvon Philipp Forchheimer.
260 _aLeipzig :
_bB.G. Tenbner,
_c1914.
300 _aX, 566 p. :
_bil. ;
_c23 cm.
852 _aES-MaACL
_jB-4435
999 _c64613
_d64613